000 01506cam a2200145 4500500
005 20260208013942.0
041 _afre
042 _adc
100 1 0 _aBlohorn-Brenneur, Béatrice
_eauthor
700 1 0 _aDupond-Moretti, Éric
_eauthor
245 0 0 _aLa médiation sur les cinq continents, rêve ou réalité ? : GEMME 20 ans déjà !
260 _bL'Harmattan,
_c2024.
520 _aCet ouvrage propose une réflexion profonde sur la nécessité d’une coexistence harmonieuse entre les êtres humains, quelle que soit leur culture, grâce à l’écoute active et au débat constructif.Des experts d’Europe, d’Asie et d’Afrique, réunis à Strasbourg lors du colloque du Conseil de l’Europe des 25 et 26 mai 2023, sous le haut patronage de M. Dupond-Moretti, garde des Sceaux, ministre de la Justice, ont exposé les avancées européennes et mondiales dans les différents domaines de la médiation (notamment familial, commercial, administratif). Ils ont décrit plusieurspratiques de médiation dans le monde.Ce livre souligne l’œuvre novatrice et déterminante du Groupement européen des magistrats pour la médiation (GEMME) et du Conseil international de la médiation (CIM) pour implanter la médiation en France, en Europe et dans d’autres pays du monde. Le GEMME a célébré les 20 ans de sa création au Conseil de l’Europe.
856 4 1 _uhttps://shs.cairn.info/La-mediation-sur-les-cinq-continents-reve-ou-realite---9782336452944?lang=fr&redirect-ssocas=7080
999 _c1660542
_d1660542